000 00488nas a2200193 i 4500
001 2-00323081
003 PPAK
005 20180729123406.0
008 131001s my |||| ||||| | may d
022 _a1823-6219
040 _aPPAK
_beng
_cPPAK
_erda
245 0 0 _aCosmopolitan
264 1 _aSelangor:
_bBlu Inc Media Sdn Bhd,
336 _2rdacontent
_atext
337 _2rdamedia
_aunmediated
338 _2rdacarrier
_avolume
650 1 0 _aMalaysia - Periodicals
942 _ddc
_cSR
999 _c149782
_d149782